Applications of secondary school mathematics : (Record no. 27422)

MARC details
000 -LEADER
fixed length control field 01013pam a2200265 a 4500
001 - CONTROL NUMBER
control field 1541271
003 - CONTROL NUMBER IDENTIFIER
control field OSt
005 - DATE AND TIME OF LATEST TRANSACTION
control field 20220117160957.0
008 - FIXED-LENGTH DATA ELEMENTS--GENERAL INFORMATION
fixed length control field 910729s1991 vaua b 001 0 eng
010 ## - LIBRARY OF CONGRESS CONTROL NUMBER
LC control number 91005044
020 ## - INTERNATIONAL STANDARD BOOK NUMBER
International Standard Book Number 0873533364
040 ## - CATALOGING SOURCE
Original cataloging agency DLC
Transcribing agency HU
Modifying agency DLC
050 00 - LIBRARY OF CONGRESS CALL NUMBER
Classification number QA12
Item number .A67 1991
082 00 - DEWEY DECIMAL CLASSIFICATION NUMBER
Classification number 510/.71/2
Edition number 20
245 00 - TITLE STATEMENT
Title Applications of secondary school mathematics :
Remainder of title readings from the Mathematics teacher /
Statement of responsibility, etc. edited by Joe Dan Austin.
260 ## - PUBLICATION, DISTRIBUTION, ETC.
Place of publication, distribution, etc. Reston, Va. :
Name of publisher, distributor, etc. National Council of Teachers of Mathematics,
Date of publication, distribution, etc. 1991.
300 ## - PHYSICAL DESCRIPTION
Extent vi, 339 p. :
Other physical details ill. ;
Dimensions 29 cm.
504 ## - BIBLIOGRAPHY, ETC. NOTE
Bibliography, etc. note Includes bibliographical references and indexes.
650 #0 - SUBJECT ADDED ENTRY--TOPICAL TERM
Topical term or geographic name entry element Mathematics
General subdivision Study and teaching (Secondary)
9 (RLIN) 28281
700 1# - ADDED ENTRY--PERSONAL NAME
Personal name Austin, Joe Dan.
9 (RLIN) 28282
730 0# - ADDED ENTRY--UNIFORM TITLE
Uniform title Mathematics teacher.
9 (RLIN) 28283
906 ## - LOCAL DATA ELEMENT F, LDF (RLIN)
a 7
b cbc
c orignew
d 1
e ocip
f 19
g y-gencatlg
942 ## - ADDED ENTRY ELEMENTS (KOHA)
Source of classification or shelving scheme Dewey Decimal Classification
Koha item type Books like text book referance book
Suppress in OPAC No
Holdings
Withdrawn status Lost status Source of classification or shelving scheme Damaged status Not for loan Collection code Home library Current library Shelving location Date acquired Total Checkouts Full call number Barcode Date last seen Copy number Price effective from Koha item type
    Dewey Decimal Classification     Reference Wondo Genet Library Wondo Genet Library General Stacks 01/17/2022   510.712`AUS 1991 WGCFNRL00010270 01/17/2022 1 01/17/2022 Books like text book referance book